Представление документа в формате RUSMARC

ПолеНазваниеЗначение
  Тип записи a
  Библиографический уровень m
001 Контрольный номер RU\bookru\bibl\902472
003 Постоянный идентификатор записи http://www.book.ru/book/902472
005 Дата корректировки 20161026111804.4
010 Индекс ISBN __
a ISBN 978-5-406-01101-0
100 Данные общей обработки 0_
a Данные общей обработки 20130201d2011 mk y0rusy50 ca
101 Язык документа 0_
a Язык текста Русский
102 Страна публикации __
a Страна публикации RU
105 Кодированные данные (монография) __
a Кодированные данные (монография) y ||||000yy
200 Заглавие и сведения об ответственности 1_
a Заглавие Статистика финансов и кредита
210 Выходные данные __
a Место издания Москва
c Издательство КноРус
d Дата издания 2011
215 Физическое описание __
a Объем 326
330 Аннотация __
a Аннотация В учебнике изложены теоретические основы и методологические особенности статистической характеристики государственных финансов и финансовых корпораций. Содержит задачи, тематические тесты, вопросы для самоконтроля знаний, а также терминологический словарь.
Д ля студентов, слушателей и курсантов, обучающихся экономическим специальностям; может быть использован специалистами органов государственного управления для детальной структуризации (в соответствии с международными стандартами), оценки и планирования бюджетных доходов и расходов; а также всеми интересующимися проблематикой статистической методологии анализа конкретных процессов в области финансов и кредита.
606 Тематические рубрики __
a Основная рубрика Статистика
2 Код системы local
608 Указатель предметных рубрик __
a Жанр/форма Учебник
2 Код системы local
675 Индекс УДК __
a Индекс УДК 336
z Язык издания rus
686 Индексы других классификаций __
a Классификационный индекс 65.051.526
2 Код системы rubbk
700 Автор _1
a Фамилия Дианов Д.В., Радугина Е.А., Степанян Е.Н.
801 Источник записи _1
a Страна RU
b Организация book_ru
c Дата составления 20130201
g Правила каталогизации RCR
856 Электронный адрес документа 4_
u Универсальный указатель ресурса (URL) http://www.book.ru/book/902472
951 __
a http://www.book.ru/book/902472